Japan - True or False - Statistics

General Stats
  • This quiz has been taken 127 times
  • The average score is 11 of 15
Answer Stats
Question Answer % Correct
In Japan, the Japanese prefer if you wear your shoes in their homes. False
100%
Barely any earthquakes strike in Japan. False
100%
The Japanese live (almost) the longest. True
100%
Japan is the 11th most popular country in the world. True
89%
The world’s oldest company is in Japan. True
89%
There is 1 vending machine for every 24 people. True
89%
Solo dining in Japan is very rare. False
78%
685 kids were rushed to hospitals in Japan in 1997 after an intense Pokemon episode that caused dizziness, vomiting, and seizures. True
78%
Japanese melons can cost you over $200 True
78%
In Japan, slurping your noodles is a rude thing to do. False
67%
Japan has a meat dish made out of horse. True
67%
Nearly half the zippers worldwide are made in Japan. True
67%
90% of the people in Japan live in an apartment building. False
56%
There is almost no immigration in Japan True
44%
In Japan, waving at the object you are talking about is considered rude. False
33%
No matching quizzes found
Score Distribution
Percent of People with Each Score
Percentile by Number Answered
Your Score History
You have not taken this quiz